00469 2200193 4500001002100000005001500021008004100036020002200077035001900099041000700118082001000125090001600135100001700151245002400168250001000192260002800202300002400230650002100254INLIS00000000002473620241224131759241224||||||||| | ||| |||| || |  a978-602-366-157-2 0010-1224024736 aid0 a741.5 a741.5 FAD j0 aFadila Hanum00aJujur Atau Bohong ? aCet.2 aSolobTiga Anandac2017 a24 hlm.; ilus 19 cm 0acerita bergambar